00390nam a2200145Ia 4500003000400000008004100004040001600045082001700061100001700078245005100095260003800146300001000184650002000194650003000214GCL140319s9999 xx 000 0 eng d aGCL / cGCL04a942.042bE L1 aEARLE, PETER10aTHE LIFE AND TIMES OF HENRY V / cEARLE, PETER a[S.N] : bWEIDENFELD AND NICOLEON a224 P04aENGLISH HISTORY04aHENRY V - KING OF ENGLAND